[Event "Pfalz op-B 10th"]
[Site "Neustadt an der Weinstrasse"]
[Date "2019.03.01"]
[Round "1"]
[White "Mkrtchyan, Edgar"]
[Black "Hapke, Ralf"]
[Result "1/2-1/2"]
[WhiteElo "1649"]
[BlackElo "1851"]
[PlyCount "44"]
[EventDate "2019.03.01"]
[EventType "swiss"]
[EventRounds "7"]
[EventCountry "GER"]
[SourceTitle "CBM 189 Extra"]
[Source "ChessBase"]
[SourceDate "2019.06.03"]
[SourceVersion "1"]
[SourceVersionDate "2019.06.03"]
[SourceQuality "1"]

1. e4 d5 2. exd5 Nf6 3. Nf3 Qxd5 4. Nc3 Qa5 5. d4 Bf5 6. Bc4 e6 7. 0-0 c6 8. Re1 Bb4 9. Bd2 Qc7 10. a3 Bd6 11. h3 Nbd7 12. Nh4 Bg6 13. Nxg6 hxg6 14. Ne4 Nxe4 15. Rxe4 Nf6 16. Re1 Bh2+ 17. Kf1 Bf4 18. Bd3 0-0-0 19. c3 Kb8 20. Qc1 Bxd2 21. Qxd2 c5 22. dxc5 Qxc5 1/2-1/2

[Event "Pfalz-ch HT1 87th"]
[Site "Landau"]
[Date "2018.03.30"]
[Round "5"]
[White "Mkrtchyan, Edgar"]
[Black "Morio, Estelle"]
[Result "1/2-1/2"]
[WhiteElo "1475"]
[BlackElo "1779"]
[PlyCount "59"]
[EventDate "2018.03.23"]
[EventType "swiss"]
[EventRounds "7"]
[EventCountry "GER"]
[SourceTitle "EXT 2019"]
[Source "ChessBase"]
[SourceDate "2018.10.10"]
[SourceVersion "1"]
[SourceVersionDate "2018.10.10"]
[SourceQuality "1"]

1. e4 d6 2. Nf3 Nf6 3. Nc3 e5 4. d4 Nbd7 5. dxe5 dxe5 6. Be3 Be7 7. Bc4 0-0 8. Qd2 c6 9. 0-0-0 b5 10. Bb3 Qc7 11. a3 a5 12. Qd3 Ba6 13. Nb1 b4 14. Bc4 Bxc4 15. Qxc4 bxa3 16. Nxa3 Rab8 17. Nd2 Rb4 18. Qc3 Rfb8 19. Nac4 a4 20. f3 Ne8 21. Nb1 f6 22. Nba3 Nd6 23. Nxd6 Bxd6 24. Nc4 Be7 25. g3 Nc5 26. Na3 Ne6 27. Nc4 R4b5 28. Qd3 Rd8 29. Qe2 Nd4 30. Bxd4 1/2-1/2

[Event "Pfalz-ch HT1 87th"]
[Site "Landau"]
[Date "2018.03.25"]
[Round "4"]
[White "Mkrtchyan, Edgar"]
[Black "Drumm, Beate"]
[Result "1-0"]
[WhiteElo "1475"]
[BlackElo "1381"]
[PlyCount "67"]
[EventDate "2018.03.23"]
[EventType "swiss"]
[EventRounds "7"]
[EventCountry "GER"]
[SourceTitle "EXT 2019"]
[Source "ChessBase"]
[SourceDate "2018.10.10"]
[SourceVersion "1"]
[SourceVersionDate "2018.10.10"]
[SourceQuality "1"]

1. e4 Nf6 2. e5 Nd5 3. c4 Nb6 4. d4 d6 5. f4 g6 6. Nf3 Bg7 7. Be3 Bg4 8. Nbd2 0-0 9. h3 Bf5 10. g4 Bd7 11. Rg1 e6 12. h4 f5 13. gxf5 exf5 14. Qe2 Qe7 15. Qg2 Bh8 16. h5 Be8 17. Bf2 Qg7 18. Ng5 Qe7 19. c5 Bc6 20. Qh2 N8d7 21. Bc4+ d5 22. Bb3 Nf6 23. Qg2 Rfd8 24. hxg6 hxg6 25. 0-0-0 Ng4 26. Ndf3 Nd7 27. Nh2 Nxf2 28. Qxf2 Nf8 29. Nf1 Ne6 30. Ne3 Nxg5 31. Rxg5 Kf7 32. Rdg1 Rg8 33. Nxd5 Qd8 34. Nf6+ 1-0

[Event "Pfalz-ch HT1 87th"]
[Site "Landau"]
[Date "2018.03.24"]
[Round "2"]
[White "Mkrtchyan, Edgar"]
[Black "Nelles, Werner"]
[Result "1-0"]
[WhiteElo "1475"]
[BlackElo "1290"]
[PlyCount "145"]
[EventDate "2018.03.23"]
[EventType "swiss"]
[EventRounds "7"]
[EventCountry "GER"]
[SourceTitle "EXT 2019"]
[Source "ChessBase"]
[SourceDate "2018.10.10"]
[SourceVersion "1"]
[SourceVersionDate "2018.10.10"]
[SourceQuality "1"]

1. e4 e5 2. Nf3 Nc6 3. Bc4 d6 4. c3 Qe7 5. Qc2 Bg4 6. Be2 h6 7. 0-0 g5 8. d3 Nf6 9. h3 Bh5 10. Nh2 Bxe2 11. Qxe2 0-0-0 12. Na3 a6 13. Nc4 b5 14. Ne3 Qe6 15. Bd2 d5 16. Nc2 dxe4 17. dxe4 Qc4 18. Qxc4 bxc4 19. Be3 Nxe4 20. Nf3 f6 21. Rfe1 f5 22. Re2 Bc5 23. Bxc5 Nxc5 24. Nxe5 Nxe5 25. Rxe5 Nd3 26. Rxf5 Nxb2 27. Nb4 Rd1+ 28. Rxd1 Nxd1 29. Nxa6 Nxc3 30. Rc5 Ne2+ 31. Kf1 Nf4 32. Rxc7+ Kd8 33. Rxc4 Kd7 34. Nc5+ Kd6 35. Nb7+ Kd5 36. Rc2 Rb8 37. Rb2 Rc8 38. Rb1 Rc2 39. Rd1+ Kc6 40. Nd8+ Kc7 41. Nf7 Rxa2 42. Nxh6 Kc6 43. Ng4 Kc5 44. g3 Ne6 45. Kg2 Nd4 46. Ne3 Ne6 47. Rd5+ Kc6 48. Kf3 Ra3 49. Rd2 Ra4 50. Kg2 Nd4 51. g4 Ne6 52. Kh2 Nd4 53. Kg3 Kc5 54. h4 gxh4+ 55. Kg2 Ra3 56. Rxd4 Kxd4 57. Nc2+ Ke4 58. Nxa3 Kf4 59. Kh3 Kg5 60. Nc2 Kh6 61. Kxh4 Kh7 62. f4 Kg6 63. Ne3 Kg7 64. Nd5 Kg6 65. f5+ Kh6 66. g5+ Kh7 67. Kh5 Kg7 68. g6 Kh8 69. Kh6 Kg8 70. Nf6+ Kf8 71. g7+ Kf7 72. g8Q+ Kxf6 73. Qe6# 1-0